Basic Circuit Theory (Record no. 504)

MARC details
000 -LEADER
fixed length control field 00365nam a2200157Ia 4500
008 - FIXED-LENGTH DATA ELEMENTS--GENERAL INFORMATION
fixed length control field 221030s9999 xx 000 0 und d
020 ## - INTERNATIONAL STANDARD BOOK NUMBER
ISBN 8120309715
041 ## - LANGUAGE CODE
Language code of text/sound track or separate title
082 ## - DEWEY DECIMAL CLASSIFICATION NUMBER
Classification number 105.23
Item number Hue
100 ## - MAIN ENTRY--AUTHOR NAME
Personal name L. P. Huelsman
245 #0 - TITLE STATEMENT
Title Basic Circuit Theory
Statement of responsibility, etc by L. P. Huelsman
260 ## - PUBLICATION, DISTRIBUTION, ETC. (IMPRINT)
Name of publisher PHI
Place of publication New Delhi
Year of publication 2006
300 ## - PHYSICAL DESCRIPTION
Number of Pages 756
650 ## - SUBJECT ADDED ENTRY--TOPICAL TERM
Topical Term EE
942 ## - ADDED ENTRY ELEMENTS (KOHA)
Koha item type Books
Holdings
Accession Number Cost, normal purchase price Full call number Price effective from Koha item type Withdrawn / writtenoff status Materials specified (bound volume or other part) Damaged status Not for loan Collection code Permanent Location Current Location Shelving location Date acquired Lost/ Missing status department
BE 8394 325.00 105.23 Hue 10/30/2022 Books   Print   Not For Loan   MIET Library, Jammu MIET Library, Jammu BL-Second, FL-1, CUP-24, SH-4, R-4 11/03/2006   BE
BE 8395 325.00 105.23 Hue 10/30/2022 Books   Print       MIET Library, Jammu MIET Library, Jammu BL-Academic Block A, FL-1, CUP-36, SH-6, R-6 11/03/2006   BE